<?xml version="1.0" encoding="UTF-8"?>
<record
    xmlns:xsi="http://www.w3.org/2001/XMLSchema-instance"
    xsi:schemaLocation="http://www.loc.gov/MARC21/slim http://www.loc.gov/standards/marcxml/schema/MARC21slim.xsd"
    xmlns="http://www.loc.gov/MARC21/slim">

  <leader>03946nam0a2200409   4500</leader>
  <controlfield tag="001">RU\NLR\BIBL_A\012862712</controlfield>
  <controlfield tag="005">20230719160304.0</controlfield>
  <datafield tag="010" ind1=" " ind2=" ">
    <subfield code="a">978-5-00201-019-6</subfield>
    <subfield code="9">100</subfield>
  </datafield>
  <datafield tag="021" ind1=" " ind2=" ">
    <subfield code="a">RU</subfield>
    <subfield code="b">&#x41A;&#x41D;-&#x41F;-22-035342</subfield>
    <subfield code="9">&#x41A;&#x41D;-&#x41F;-22-3030</subfield>
  </datafield>
  <datafield tag="035" ind1=" " ind2=" ">
    <subfield code="a">(NLR Aleph) 012862712</subfield>
  </datafield>
  <datafield tag="035" ind1=" " ind2=" ">
    <subfield code="a">(RuMoRGB)011093553</subfield>
  </datafield>
  <datafield tag="090" ind1=" " ind2=" ">
    <subfield code="a">12464316</subfield>
    <subfield code="c">12464316</subfield>
  </datafield>
  <datafield tag="100" ind1=" " ind2=" ">
    <subfield code="a">20220809d2022    u  y0rusy50      ca</subfield>
  </datafield>
  <datafield tag="101" ind1="0" ind2=" ">
    <subfield code="a">rus</subfield>
  </datafield>
  <datafield tag="102" ind1=" " ind2=" ">
    <subfield code="a">RU</subfield>
  </datafield>
  <datafield tag="105" ind1=" " ind2=" ">
    <subfield code="a">a   j   000zy</subfield>
  </datafield>
  <datafield tag="181" ind1=" " ind2="0">
    <subfield code="a">i3</subfield>
    <subfield code="b">axxe  </subfield>
  </datafield>
  <datafield tag="182" ind1=" " ind2="0">
    <subfield code="a">n</subfield>
  </datafield>
  <datafield tag="200" ind1="1" ind2=" ">
    <subfield code="a">&#x41E;&#x43F;&#x440;&#x435;&#x434;&#x435;&#x43B;&#x435;&#x43D;&#x438;&#x435; &#x441;&#x43E;&#x431;&#x441;&#x442;&#x432;&#x435;&#x43D;&#x43D;&#x43E;&#x439; &#x447;&#x430;&#x441;&#x442;&#x43E;&#x442;&#x44B; &#x43F;&#x43E;&#x43F;&#x435;&#x440;&#x435;&#x447;&#x43D;&#x44B;&#x445; &#x43A;&#x43E;&#x43B;&#x435;&#x431;&#x430;&#x43D;&#x438;&#x439; &#x441;&#x443;&#x434;&#x43E;&#x432;&#x43E;&#x433;&#x43E; &#x432;&#x430;&#x43B;&#x43E;&#x43F;&#x440;&#x43E;&#x432;&#x43E;&#x434;&#x430; &#x43F;&#x43E; &#x43C;&#x435;&#x442;&#x43E;&#x434;&#x443; &#x42E;. &#x410;. &#x428;&#x438;&#x43C;&#x430;&#x43D;&#x441;&#x43A;&#x43E;&#x433;&#x43E;</subfield>
    <subfield code="e">&#x433;&#x440;&#x430;&#x444;&#x438;&#x447;&#x435;&#x441;&#x43A;&#x438;&#x439; &#x441;&#x43F;&#x43E;&#x441;&#x43E;&#x431;</subfield>
    <subfield code="e">&#x443;&#x447;&#x435;&#x431;&#x43D;&#x43E;&#x435; &#x43F;&#x43E;&#x441;&#x43E;&#x431;&#x438;&#x435;</subfield>
    <subfield code="e">&#x434;&#x43B;&#x44F; &#x43E;&#x431;&#x443;&#x447;&#x430;&#x44E;&#x449;&#x438;&#x445;&#x441;&#x44F; &#x43F;&#x43E; &#x43E;&#x441;&#x43D;&#x43E;&#x432;&#x43D;&#x44B;&#x43C; &#x43E;&#x431;&#x440;&#x430;&#x437;&#x43E;&#x432;&#x430;&#x442;&#x435;&#x43B;&#x44C;&#x43D;&#x44B;&#x43C; &#x43F;&#x440;&#x43E;&#x433;&#x440;&#x430;&#x43C;&#x43C;&#x430; &#x432;&#x44B;&#x441;&#x448;&#x435;&#x433;&#x43E; &#x43E;&#x431;&#x440;&#x430;&#x437;&#x43E;&#x432;&#x430;&#x43D;&#x438;&#x44F; - &#x43F;&#x440;&#x43E;&#x433;&#x440;&#x430;&#x43C;&#x43C;&#x430;&#x43C; &#x441;&#x43F;&#x435;&#x446;&#x438;&#x430;&#x43B;&#x438;&#x442;&#x435;&#x442;&#x430; &#x43F;&#x43E; &#x441;&#x43F;&#x435;&#x446;&#x438;&#x430;&#x43B;&#x44C;&#x43D;&#x43E;&#x441;&#x442;&#x438; 26.05.06 &#x42D;&#x43A;&#x441;&#x43F;&#x43B;&#x443;&#x430;&#x442;&#x430;&#x446;&#x438;&#x44F; &#x441;&#x443;&#x434;&#x43E;&#x432;&#x44B;&#x445; &#x44D;&#x43D;&#x435;&#x440;&#x433;&#x435;&#x442;&#x438;&#x447;&#x435;&#x441;&#x43A;&#x438;&#x445; &#x443;&#x441;&#x442;&#x430;&#x43D;&#x43E;&#x432;&#x43E;&#x43A;</subfield>
    <subfield code="f">&#x425;&#x430;&#x43B;&#x44F;&#x432;&#x43A;&#x438;&#x43D; &#x410;. &#x410;., &#x418;&#x432;&#x430;&#x43D;&#x43E;&#x432;&#x441;&#x43A;&#x430;&#x44F; &#x410;. &#x412;., &#x428;&#x430;&#x446;&#x43A;&#x43E;&#x432; &#x414;. &#x41E;., &#x410;&#x443;&#x441;&#x43B;&#x435;&#x43D;&#x434;&#x435;&#x440; &#x410;. &#x42F;.</subfield>
  </datafield>
  <datafield tag="203" ind1=" " ind2=" ">
    <subfield code="a">&#x422;&#x435;&#x43A;&#x441;&#x442;</subfield>
    <subfield code="b">&#x432;&#x438;&#x437;&#x443;&#x430;&#x43B;&#x44C;&#x43D;&#x44B;&#x439;</subfield>
    <subfield code="c">&#x43D;&#x435;&#x43F;&#x43E;&#x441;&#x440;&#x435;&#x434;&#x441;&#x442;&#x432;&#x435;&#x43D;&#x43D;&#x44B;&#x439;</subfield>
  </datafield>
  <datafield tag="210" ind1=" " ind2=" ">
    <subfield code="a">&#x410;&#x441;&#x442;&#x440;&#x430;&#x445;&#x430;&#x43D;&#x44C;</subfield>
    <subfield code="c">&#x421;&#x43E;&#x440;&#x43E;&#x43A;&#x438;&#x43D; &#x420;&#x43E;&#x43C;&#x430;&#x43D; &#x412;&#x430;&#x441;&#x438;&#x43B;&#x44C;&#x435;&#x432;&#x438;&#x447;</subfield>
    <subfield code="d">2022</subfield>
  </datafield>
  <datafield tag="215" ind1=" " ind2=" ">
    <subfield code="a">48 &#x441;.</subfield>
    <subfield code="c">&#x438;&#x43B;., &#x442;&#x430;&#x431;&#x43B;.</subfield>
    <subfield code="d">21</subfield>
  </datafield>
  <datafield tag="300" ind1=" " ind2=" ">
    <subfield code="a">&#x41D;&#x430; &#x43E;&#x431;&#x43E;&#x440;&#x43E;&#x442;&#x435; &#x442;&#x438;&#x442;. &#x441;.: &#x441;&#x43E;&#x441;&#x442;&#x430;&#x432;&#x438;&#x442;&#x435;&#x43B;&#x438;: &#x425;&#x430;&#x43B;&#x44F;&#x432;&#x43A;&#x438;&#x43D; &#x410;. &#x410;., &#x43A;&#x430;&#x43D;&#x434;. &#x442;&#x435;&#x445;&#x43D;. &#x43D;&#x430;&#x443;&#x43A;, &#x434;&#x43E;&#x446;., &#x418;&#x432;&#x430;&#x43D;&#x43E;&#x432;&#x441;&#x43A;&#x430;&#x44F; &#x410;. &#x412;., &#x43A;&#x430;&#x43D;&#x434;. &#x442;&#x435;&#x445;&#x43D;. &#x43D;&#x430;&#x443;&#x43A;, &#x434;&#x43E;&#x446;., &#x428;&#x430;&#x446;&#x43A;&#x43E;&#x432; &#x414;. &#x41E;., &#x43A;&#x430;&#x43D;&#x434;. &#x444;&#x438;&#x437;.-&#x43C;&#x430;&#x442;. &#x43D;&#x430;&#x443;&#x43A;, &#x434;&#x43E;&#x446;., &#x410;&#x443;&#x441;&#x43B;&#x435;&#x43D;&#x434;&#x435;&#x440; &#x410;. &#x42F;., &#x43F;&#x440;&#x435;&#x43F;.</subfield>
  </datafield>
  <datafield tag="320" ind1=" " ind2=" ">
    <subfield code="a">&#x411;&#x438;&#x431;&#x43B;&#x438;&#x43E;&#x433;&#x440;.: &#x441;. 44-45 (15 &#x43D;&#x430;&#x437;&#x432;.)</subfield>
  </datafield>
  <datafield tag="330" ind1=" " ind2=" ">
    <subfield code="a">&#x412; &#x443;&#x447;&#x435;&#x431;&#x43D;&#x43E;&#x43C; &#x43F;&#x43E;&#x441;&#x43E;&#x431;&#x438;&#x438; &#x43E;&#x441;&#x432;&#x435;&#x449;&#x435;&#x43D;&#x44B; &#x442;&#x435;&#x43E;&#x440;&#x435;&#x442;&#x438;&#x447;&#x435;&#x441;&#x43A;&#x438;&#x435; &#x438; &#x43F;&#x440;&#x430;&#x43A;&#x442;&#x438;&#x447;&#x435;&#x441;&#x43A;&#x438;&#x435; &#x432;&#x43E;&#x43F;&#x440;&#x43E;&#x441;&#x44B;, &#x441;&#x432;&#x44F;&#x437;&#x430;&#x43D;&#x43D;&#x44B;&#x435; &#x441; &#x434;&#x438;&#x43D;&#x430;&#x43C;&#x438;&#x447;&#x435;&#x441;&#x43A;&#x438;&#x43C; &#x440;&#x430;&#x441;&#x447;&#x435;&#x442;&#x43E;&#x43C; &#x441;&#x443;&#x434;&#x43E;&#x432;&#x43E;&#x433;&#x43E; &#x432;&#x430;&#x43B;&#x43E;&#x43F;&#x440;&#x43E;&#x432;&#x43E;&#x434;&#x430; &#x43D;&#x430; &#x43E;&#x441;&#x43D;&#x43E;&#x432;&#x435; &#x433;&#x440;&#x430;&#x444;&#x438;&#x447;&#x435;&#x441;&#x43A;&#x43E;&#x433;&#x43E; &#x43C;&#x435;&#x442;&#x43E;&#x434;&#x430; &#x42E;. &#x410;. &#x428;&#x438;&#x43C;&#x430;&#x43D;&#x441;&#x43A;&#x43E;&#x433;&#x43E;, &#x441;&#x443;&#x442;&#x44C; &#x43A;&#x43E;&#x442;&#x43E;&#x440;&#x43E;&#x433;&#x43E; &#x437;&#x430;&#x43A;&#x43B;&#x44E;&#x447;&#x430;&#x435;&#x442;&#x441;&#x44F; &#x432; &#x43E;&#x43F;&#x440;&#x435;&#x434;&#x435;&#x43B;&#x435;&#x43D;&#x438;&#x438; &#x441;&#x43E;&#x431;&#x441;&#x442;&#x432;&#x435;&#x43D;&#x43D;&#x43E;&#x439; &#x447;&#x430;&#x441;&#x442;&#x43E;&#x442;&#x44B; &#x43A;&#x43E;&#x43B;&#x435;&#x431;&#x430;&#x43D;&#x438;&#x439; &#x432;&#x430;&#x43B;&#x43E;&#x43F;&#x440;&#x43E;&#x432;&#x43E;&#x434;&#x430; &#x43F;&#x43E; &#x435;&#x433;&#x43E; &#x433;&#x435;&#x43E;&#x43C;&#x435;&#x442;&#x440;&#x438;&#x447;&#x435;&#x441;&#x43A;&#x438;&#x43C; &#x438; &#x444;&#x438;&#x437;&#x438;&#x447;&#x435;&#x441;&#x43A;&#x438;&#x43C; &#x43F;&#x430;&#x440;&#x430;&#x43C;&#x435;&#x442;&#x440;&#x430;&#x43C;, &#x440;&#x430;&#x441;&#x43F;&#x43E;&#x43B;&#x43E;&#x436;&#x435;&#x43D;&#x438;&#x44F;&#x43C; &#x43E;&#x43F;&#x43E;&#x440;. &#x423;&#x447;&#x435;&#x431;&#x43D;&#x43E;&#x435; &#x43F;&#x43E;&#x441;&#x43E;&#x431;&#x438;&#x435; &#x43F;&#x440;&#x435;&#x434;&#x43D;&#x430;&#x437;&#x43D;&#x430;&#x447;&#x435;&#x43D;&#x43E; &#x434;&#x43B;&#x44F; &#x43A;&#x443;&#x440;&#x441;&#x430;&#x43D;&#x442;&#x43E;&#x432; &#x43C;&#x43E;&#x440;&#x441;&#x43A;&#x438;&#x445; &#x441;&#x440;&#x435;&#x434;&#x43D;&#x438;&#x445; &#x438; &#x432;&#x44B;&#x441;&#x448;&#x438;&#x445; &#x443;&#x447;&#x435;&#x431;&#x43D;&#x44B;&#x445; &#x437;&#x430;&#x432;&#x435;&#x434;&#x435;&#x43D;&#x438;&#x439; &#x43E;&#x447;&#x43D;&#x43E;&#x439; &#x438; &#x437;&#x430;&#x43E;&#x447;&#x43D;&#x43E;&#x439; &#x444;&#x43E;&#x440;&#x43C; &#x43E;&#x431;&#x443;&#x447;&#x435;&#x43D;&#x438;&#x44F; &#x43F;&#x440;&#x438; &#x438;&#x437;&#x443;&#x447;&#x435;&#x43D;&#x438;&#x438; &#x434;&#x438;&#x441;&#x446;&#x438;&#x43F;&#x43B;&#x438;&#x43D; &lt;&#x414;&#x435;&#x442;&#x430;&#x43B;&#x438; &#x43C;&#x430;&#x448;&#x438;&#x43D; &#x438; &#x43E;&#x441;&#x43D;&#x43E;&#x432;&#x44B; &#x43A;&#x43E;&#x43D;&#x441;&#x442;&#x440;&#x443;&#x438;&#x440;&#x43E;&#x432;&#x430;&#x43D;&#x438;&#x44F;&gt;, &lt;&#x422;&#x435;&#x43E;&#x440;&#x435;&#x442;&#x438;&#x447;&#x435;&#x441;&#x43A;&#x430;&#x44F; &#x43C;&#x435;&#x445;&#x430;&#x43D;&#x438;&#x43A;&#x430;&gt;, &lt;&#x421;&#x443;&#x434;&#x43E;&#x432;&#x44B;&#x435; &#x432;&#x441;&#x43F;&#x43E;&#x43C;&#x43E;&#x433;&#x430;&#x442;&#x435;&#x43B;&#x44C;&#x43D;&#x44B;&#x435; &#x43C;&#x435;&#x445;&#x430;&#x43D;&#x438;&#x437;&#x43C;&#x44B;&gt;, &lt;&#x41E;&#x441;&#x43D;&#x43E;&#x432;&#x44B; &#x440;&#x430;&#x441;&#x447;&#x435;&#x442;&#x430; &#x438; &#x43F;&#x440;&#x43E;&#x435;&#x43A;&#x442;&#x438;&#x440;&#x43E;&#x432;&#x430;&#x43D;&#x438;&#x44F; &#x441;&#x443;&#x434;&#x43E;&#x432;&#x44B;&#x445; &#x44D;&#x43D;&#x435;&#x440;&#x433;&#x435;&#x442;&#x438;&#x447;&#x435;&#x441;&#x43A;&#x438;&#x445; &#x443;&#x441;&#x442;&#x430;&#x43D;&#x43E;&#x432;&#x43E;&#x43A;&gt;,&lt; &#x422;&#x435;&#x445;&#x43D;&#x43E;&#x43B;&#x43E;&#x433;&#x438;&#x44F; &#x442;&#x435;&#x445;&#x43D;&#x438;&#x447;&#x435;&#x441;&#x43A;&#x43E;&#x433;&#x43E; &#x43E;&#x431;&#x441;&#x43B;&#x443;&#x436;&#x438;&#x432;&#x430;&#x43D;&#x438;&#x44F; &#x438; &#x440;&#x435;&#x43C;&#x43E;&#x43D;&#x442;&#x430; &#x441;&#x443;&#x434;&#x43E;&#x432;&gt; &#x430; &#x442;&#x430;&#x43A;&#x436;&#x435; &#x43F;&#x440;&#x438; &#x432;&#x44B;&#x43F;&#x43E;&#x43B;&#x43D;&#x435;&#x43D;&#x438;&#x438; &#x432;&#x44B;&#x43F;&#x443;&#x441;&#x43A;&#x43D;&#x43E;&#x439; &#x43A;&#x432;&#x430;&#x43B;&#x438;&#x444;&#x438;&#x43A;&#x430;&#x446;&#x438;&#x43E;&#x43D;&#x43D;&#x43E;&#x439; &#x440;&#x430;&#x431;&#x43E;&#x442;&#x44B;</subfield>
  </datafield>
  <datafield tag="606" ind1="1" ind2=" ">
    <subfield code="a">&#x421;&#x443;&#x434;&#x430;</subfield>
    <subfield code="x">&#x412;&#x430;&#x43B;&#x43E;&#x43F;&#x440;&#x43E;&#x432;&#x43E;&#x434;&#x44B;</subfield>
    <subfield code="x">&#x41A;&#x43E;&#x43B;&#x435;&#x431;&#x430;&#x43D;&#x438;&#x44F; &#x43F;&#x43E;&#x43F;&#x435;&#x440;&#x435;&#x447;&#x43D;&#x44B;&#x435;</subfield>
    <subfield code="x">&#x420;&#x430;&#x441;&#x447;&#x435;&#x442;</subfield>
    <subfield code="x">&#x428;&#x438;&#x43C;&#x430;&#x43D;&#x441;&#x43A;&#x43E;&#x433;&#x43E; &#x43C;&#x435;&#x442;&#x43E;&#x434;</subfield>
    <subfield code="j">&#x423;&#x447;&#x435;&#x431;&#x43D;&#x44B;&#x435; &#x438;&#x437;&#x434;&#x430;&#x43D;&#x438;&#x44F; &#x434;&#x43B;&#x44F; &#x432;&#x44B;&#x441;&#x448;&#x438;&#x445; &#x443;&#x447;&#x435;&#x431;&#x43D;&#x44B;&#x445; &#x437;&#x430;&#x432;&#x435;&#x434;&#x435;&#x43D;&#x438;&#x439;</subfield>
    <subfield code="2">nlr_sh2</subfield>
    <subfield code="3">RU\NLR\AUTH\6601724055</subfield>
  </datafield>
  <datafield tag="675" ind1=" " ind2=" ">
    <subfield code="a">629.5.015</subfield>
    <subfield code="v">4</subfield>
  </datafield>
  <datafield tag="686" ind1=" " ind2=" ">
    <subfield code="a">339.42-016</subfield>
    <subfield code="2">rubbks</subfield>
  </datafield>
  <datafield tag="686" ind1="1" ind2=" ">
    <subfield code="a">&#x41E;455.86-028.4&#x44F;73-1</subfield>
  </datafield>
  <datafield tag="701" ind1=" " ind2="1">
    <subfield code="a">&#x425;&#x430;&#x43B;&#x44F;&#x432;&#x43A;&#x438;&#x43D;</subfield>
    <subfield code="b">&#x410;. &#x410;.</subfield>
    <subfield code="g">&#x410;&#x43B;&#x435;&#x43A;&#x441;&#x435;&#x439; &#x410;&#x43B;&#x435;&#x43A;&#x441;&#x430;&#x43D;&#x434;&#x440;&#x43E;&#x432;&#x438;&#x447;</subfield>
  </datafield>
  <datafield tag="701" ind1=" " ind2="1">
    <subfield code="a">&#x418;&#x432;&#x430;&#x43D;&#x43E;&#x432;&#x441;&#x43A;&#x430;&#x44F;</subfield>
    <subfield code="b">&#x410;. &#x412;.</subfield>
    <subfield code="g">&#x410;&#x43B;&#x435;&#x43A;&#x441;&#x430;&#x43D;&#x434;&#x440;&#x430; &#x412;&#x438;&#x442;&#x430;&#x43B;&#x44C;&#x435;&#x432;&#x43D;&#x430;</subfield>
  </datafield>
  <datafield tag="701" ind1=" " ind2="1">
    <subfield code="a">&#x428;&#x430;&#x446;&#x43A;&#x43E;&#x432;</subfield>
    <subfield code="b">&#x414;. &#x41E;.</subfield>
    <subfield code="g">&#x414;&#x435;&#x43D;&#x438;&#x441; &#x41E;&#x43B;&#x435;&#x433;&#x43E;&#x432;&#x438;&#x447;</subfield>
  </datafield>
  <datafield tag="701" ind1=" " ind2="1">
    <subfield code="a">&#x410;&#x443;&#x441;&#x43B;&#x435;&#x43D;&#x434;&#x435;&#x440;</subfield>
    <subfield code="b">&#x410;. &#x42F;.</subfield>
    <subfield code="g">&#x410;&#x43D;&#x43D;&#x430; &#x42F;&#x43A;&#x43E;&#x432;&#x43B;&#x435;&#x432;&#x43D;&#x430;</subfield>
  </datafield>
  <datafield tag="942" ind1=" " ind2=" ">
    <subfield code="c">BOOK</subfield>
  </datafield>
  <datafield tag="980" ind1=" " ind2=" ">
    <subfield code="a">NB</subfield>
  </datafield>
  <datafield tag="995" ind1=" " ind2=" ">
    <subfield code="5">2022-08-09</subfield>
    <subfield code="a">ad</subfield>
    <subfield code="b">NLR01</subfield>
    <subfield code="c">NLR01</subfield>
    <subfield code="e">RF81</subfield>
    <subfield code="f">1-3930631</subfield>
    <subfield code="k">2022-4/7129</subfield>
    <subfield code="o">0</subfield>
    <subfield code="r">BOOK</subfield>
    <subfield code="s">202247129_</subfield>
  </datafield>
  <datafield tag="995" ind1=" " ind2=" ">
    <subfield code="5">2022-08-09</subfield>
    <subfield code="a">ad</subfield>
    <subfield code="b">NLR01</subfield>
    <subfield code="c">NLR01</subfield>
    <subfield code="e">RF81</subfield>
    <subfield code="f">1-3930632</subfield>
    <subfield code="k">2022-4/7129</subfield>
    <subfield code="o">0</subfield>
    <subfield code="r">BOOK</subfield>
    <subfield code="s">202247129_</subfield>
  </datafield>
</record>
